Best badminton single players of their team at 2023.02 - Statistics

General Stats
  • This quiz has been taken 39 times
  • The average score is 18 of 59
Answer Stats
Hint Answer % Correct
Chinese Taipei Chou Tien Chen
85%
Denmark Viktor Axelsen
85%
Korea (south) An Se Young
79%
Indonesia Anthony Sinisuka Ginting
79%
China Shi Yu Qi
73%
Malaysia Lee Zii Jia
70%
Singapore Loh Kean Yew
67%
China Chen Yu Fei
64%
Chinese Taipei Tai Tzu Ying
64%
Japan Kodai Naraoka
61%
Spain Carolina Marin
58%
Thailand Kunlavut Vitidsarn
58%
Canada Michelle Li
58%
Germany Yivonne Li
58%
Japan Akane Yamaguchi
52%
Thailand Ratchanok Intanon
45%
France Toma Junior Popov
45%
India Pusarla Venkata Sindhu
42%
Indonesia Gregoria Mariska Tunjung
39%
Denmark Mia Blechfeldt
39%
India Prannoy Haseena Sunil Kumar
39%
Hong Kong China Ng Ka Long Angus
33%
Vietnam Nguyen Thuy Linh
33%
USA Beiwen Zhang
27%
Malaysia Goh Jin Wei
27%
Guatemala Kevin Cordon
27%
Canada Brian Yang
24%
Belgium Lianne Tan
24%
Korea (south) Jeon Hyeok Jin
21%
Scotland Kirsty Gilmour
21%
Singapore Yeo Jia Min
21%
Czech Republic Jan Louda
18%
France Qi Xue Fei
18%
Belgium Julien Carraggi
15%
Finland Kalle Koljonen
15%
Hong Kong China Lo Sin Yan Happy
15%
Netherlands Mark Caljouw
15%
Spain Pablo Abian
15%
Sweden Felix Burestedt
12%
England Harry Huang
12%
Ukraine Polina Buhrova
12%
Australia Ricky Tang
12%
Myanmar Thet Htar Thuzar
12%
Australia Tiffany Ho
12%
Brazil Ygor Coelho de Oliveira
12%
Egypt Doha Hany
9%
Vietnam Le Duc Phat
9%
Ukraine Danylo Bosniuk
6%
Mauritius George Julien Paul
6%
Italy Giovanni Toti
6%
Wales Jordan Hart
6%
Brazil Juliana Viana Vieira
6%
Germany Kai Schaefer
6%
Egypt Adham Hatem Elgamal
3%
Austria Collins Valentine Filimon
3%
Switzerland Jenjira Stadelmann
3%
Brunei Kan Kah Kit
3%
Mexico Lino Munoz
3%
El Salvador Uriel Francisco Canjura Artiga
3%
No matching quizzes found
Score Distribution
Percent of People with Each Score
Percentile by Number Answered
Your Score History
You have not taken this quiz